Teaching oral english

محفوظ في:
التفاصيل البيبلوغرافية
المؤلف الرئيسي: Byrne, Donn (مؤلف)
التنسيق: كتاب
اللغة:الإنجليزية
منشور في: Londres Longman Group 1986
الطبعة:2a. ed
سلاسل:Longman Handbooks for Language Teachers
الموضوعات:
الوسوم: إضافة وسم
لا توجد وسوم, كن أول من يضع وسما على هذه التسجيلة!

MARC

LEADER 00000nam a2200000 a 4500
001 UCK8051
003 CL-VaPUC
008 060113e19860000UK |||||||||||||||||eng|d
020 |a 0582746205 
082 0 4 |a 428.007  |b BYR  |2 21 
100 0 |a Byrne, Donn  |e author  |9 497844 
245 1 0 |a Teaching oral english 
250 |a 2a. ed 
300 |a 140 p 
942 |c BK 
945 |d 20060113 00:00:00  |a cmena 
260 |a Londres  |b Longman Group  |c 1986 
650 0 |a Educación lingüística  |9 306506 
650 0 |a Lenguaje hablado  |9 339599 
650 0 |a Comunicación oral  |9 307769 
650 0 |a Inglés  |9 260023 
650 0 |a Rol del docente  |9 329733 
650 0 |a Métodos de enseñanza  |9 270413 
650 0 |a Enseñanza del inglés  |9 367340 
583 |a last modification  |c 20060113 00:00:00  |k Rodrigo Vera 
490 0 |a Longman Handbooks for Language Teachers 
999 |c 315882  |d 315880 
952 |0 0  |1 0  |4 0  |6 428_007000000000000_BYR_1986  |7 0  |8 A  |9 389705  |a BIBEDU  |b BIBEDU  |d 2019-11-22  |i 4202503  |o 428.007 BYR 1986  |p 4202503  |r 2019-11-22  |w 2019-11-22  |y BK  |k LIT